MARC details
| 000 -LEADER |
| fixed length control field |
04340cam a2200469 a 4500 |
| 001 - CONTROL NUMBER |
| control field |
15618658 |
| 003 - CONTROL NUMBER IDENTIFIER |
| control field |
ARRUPE |
| 005 - DATE AND TIME OF LATEST TRANSACTION |
| control field |
20140111020021.0 |
| 008 - FIXED-LENGTH DATA ELEMENTS--GENERAL INFORMATION |
| fixed length control field |
090210s2009 inua b 001 0 eng |
| 010 ## - LIBRARY OF CONGRESS CONTROL NUMBER |
| LC control number |
2009005961 |
| 015 ## - NATIONAL BIBLIOGRAPHY NUMBER |
| National bibliography number |
GBA974028 |
| Source |
bnb |
| 016 7# - NATIONAL BIBLIOGRAPHIC AGENCY CONTROL NUMBER |
| Record control number |
015336623 |
| Source |
Uk |
| 020 ## - INTERNATIONAL STANDARD BOOK NUMBER |
| International Standard Book Number |
9780253353375 (cloth : alk. paper) |
| 020 ## - INTERNATIONAL STANDARD BOOK NUMBER |
| International Standard Book Number |
0253353378 (cloth : alk. paper) |
| 020 ## - INTERNATIONAL STANDARD BOOK NUMBER |
| International Standard Book Number |
9780253220950 (pbk. : alk. paper) |
| 020 ## - INTERNATIONAL STANDARD BOOK NUMBER |
| International Standard Book Number |
0253220955 (pbk. : alk. paper) |
| 035 ## - SYSTEM CONTROL NUMBER |
| System control number |
(OCoLC)ocn310171795 |
| 040 ## - CATALOGING SOURCE |
| Original cataloging agency |
DLC |
| Transcribing agency |
DLC |
| Modifying agency |
YDX |
| -- |
BTCTA |
| -- |
UKM |
| -- |
CDX |
| -- |
BWX |
| -- |
BOS |
| -- |
STJ |
| -- |
DLC |
| 043 ## - GEOGRAPHIC AREA CODE |
| Geographic area code |
f------ |
| -- |
n-us--- |
| -- |
n-cn--- |
| 050 00 - LIBRARY OF CONGRESS CALL NUMBER |
| Classification number |
DT16.5 |
| Item number |
.N495 2009 |
| 082 00 - DEWEY DECIMAL CLASSIFICATION NUMBER |
| Classification number |
305.896 |
| Edition number |
22 |
| 300 ## - PHYSICAL DESCRIPTION |
| Other physical details |
ill. ; |
| Dimensions |
25 cm. |
| 245 04 - TITLE STATEMENT |
| Title |
The new African diaspora / |
| Statement of responsibility, etc |
edited by Isidore Okpewho and Nkiru Nzegwu. |
| 260 ## - PUBLICATION, DISTRIBUTION, ETC. (IMPRINT) |
| Place of publication, distribution, etc |
Bloomington : |
| Name of publisher, distributor, etc |
Indiana University Press, |
| Date of publication, distribution, etc |
c2009. |
| 300 ## - PHYSICAL DESCRIPTION |
| Extent |
ix, 531 p. : |
| 504 ## - BIBLIOGRAPHY, ETC. NOTE |
| Bibliography, etc |
Includes bibliographical references and index. |
| 505 0# - FORMATTED CONTENTS NOTE |
| Formatted contents note |
Introduction : can we "go home again"? / Isidore Okpewho -- Diaspora dialogues : engagements between Africa and its diasporas / Paul Tiyambe Zeleza -- Togo on my mind / Adzele K. Jones -- "I, too, want to be a big man" : the making of a Haitian "boat people" / Georges E. Fouron -- Africa's migration brain drain : factors contributing to the mass emigration of Africa's elite to the West / Amadu Jacky Kaba -- "The West is cold" : experiences of Ghanaian performers in England and the United States / James Burns -- Migration and bereavement : how Ghanaian migrants cope in the United Kingdom / Helen Anin-Boateng -- Acculturation and the health of black immigrants in the United States / Florence M. Margai -- Socio-legal barriers to the full citizenship of recent African immigrants in Canada : some preliminary thoughts / Obiora Chinedu Okafor -- The effects of immigration and refugee policies on Africans in the United States : from the civil rights movement to the war on terrorism / Cassandra R. Veney -- Immigrants and the American system of justice : perspectives of African and Caribbean Blacks / John A. Arthur -- Africans abroad : comparative perspectives on America's postcolonial West Africans / Baffour K. Takyi -- Questions of identity among African immigrants in America / Msia Kibona Clark -- Resisting "race" : organizing African transnational identities in the United States / Jill M. Humphries -- Immigration and African diaspora women artists / Mkiru Nzegwu -- Emerging communities : the religious life of new African immigrants in the United States / Jacob K. Olupona and Regina Gemignani -- The Orisha rescue mission / Donald Cosentino -- Redefining "Africa" in the diaspora with new media technologies : the making of AfricaResource.com / Azuka Nzegwu -- African video, film cinema, and cultural repackaging in the diaspora / Folu F. Ogundimu -- Excess luggage : Nigerian films and the world of immigrants / Akin Adesokan -- From the new diaspora and the continent : African American return figurations / Joseph McLaren -- Self, place, and identity in two generations of West African immigrant women memoirs : Emecheta's Head above water and Danquah's Willow weep for me / F. Odun Balogun -- Language, memory, and the transnational : art of Wosene Worke Kosrof / Andrea E. Frohne -- Out beyond our borders : literary travelers of the TransDiaspora / Sandra Jackson-Opoku -- The Guyana diaspora and homeland conflict resolution / Perry Mars -- The ontological imperative for the new African diaspora / Adeolu Ademoyo. |
| 650 #0 - SUBJECT ADDED ENTRY--TOPICAL TERM |
| Topical term or geographic name as entry element |
Africans |
| General subdivision |
Migrations. |
| 9 (RLIN) |
4668 |
| 650 #0 - SUBJECT ADDED ENTRY--TOPICAL TERM |
| Topical term or geographic name as entry element |
Blacks |
| General subdivision |
Migrations. |
| 9 (RLIN) |
4669 |
| 650 #0 - SUBJECT ADDED ENTRY--TOPICAL TERM |
| Topical term or geographic name as entry element |
African diaspora. |
| 9 (RLIN) |
4670 |
| 650 #0 - SUBJECT ADDED ENTRY--TOPICAL TERM |
| Topical term or geographic name as entry element |
Africans |
| Geographic subdivision |
United States |
| General subdivision |
Social conditions. |
| 9 (RLIN) |
4671 |
| 650 #0 - SUBJECT ADDED ENTRY--TOPICAL TERM |
| Topical term or geographic name as entry element |
Immigrants |
| Geographic subdivision |
United States |
| General subdivision |
Social conditions. |
| 9 (RLIN) |
4672 |
| 650 #0 - SUBJECT ADDED ENTRY--TOPICAL TERM |
| Topical term or geographic name as entry element |
Africans |
| Geographic subdivision |
Canada |
| General subdivision |
Social conditions. |
| 9 (RLIN) |
4673 |
| 650 #0 - SUBJECT ADDED ENTRY--TOPICAL TERM |
| Topical term or geographic name as entry element |
Immigrants |
| Geographic subdivision |
Canada |
| General subdivision |
Social conditions. |
| 9 (RLIN) |
4674 |
| 651 #0 - SUBJECT ADDED ENTRY--GEOGRAPHIC NAME |
| Geographic name |
Africa |
| General subdivision |
Emigration and immigration. |
| 9 (RLIN) |
4675 |
| 651 #0 - SUBJECT ADDED ENTRY--GEOGRAPHIC NAME |
| Geographic name |
United States |
| General subdivision |
Emigration and immigration. |
| 9 (RLIN) |
4676 |
| 651 #0 - SUBJECT ADDED ENTRY--GEOGRAPHIC NAME |
| Geographic name |
Canada |
| General subdivision |
Emigration and immigration. |
| 9 (RLIN) |
4677 |
| 700 1# - ADDED ENTRY--PERSONAL NAME |
| Personal name |
Okpewho, Isidore. |
| 9 (RLIN) |
4678 |
| 700 1# - ADDED ENTRY--PERSONAL NAME |
| Personal name |
Nzegwu, Nkiru. |
| 9 (RLIN) |
4679 |
| 906 ## - LOCAL DATA ELEMENT F, LDF (RLIN) |
| a |
7 |
| b |
cbc |
| c |
orignew |
| d |
1 |
| e |
ecip |
| f |
20 |
| g |
y-gencatlg |
| 942 ## - ADDED ENTRY ELEMENTS (KOHA) |
| Source of classification or shelving scheme |
Library of Congress Classification |
| Koha item type |
Monograph ( Printed materials) |
| Koha issues (borrowed), all copies |
1 |